KOHA-Header-6

Public Finance: Principles and Practices (Record no. 12676)

000 -LEADER
fixed length control field 00266nam a22001097a 4500
020 ## - INTERNATIONAL STANDARD BOOK NUMBER
ISBN 9780199479610
082 ## - DEWEY DECIMAL CLASSIFICATION NUMBER
Classification number 336.73
100 ## - MAIN ENTRY--AUTHOR NAME
Personal name Sarma, J.V.M
245 ## - TITLE STATEMENT
Title Public Finance: Principles and Practices
260 ## - PUBLICATION, DISTRIBUTION, ETC. (IMPRINT)
Place of publication India
Name of publisher Oxford University Press
Year of publication 2018
942 ## - ADDED ENTRY ELEMENTS (KOHA)
Koha item type Books
Holdings
Withdrawn status Lost status Collection code Permanent Location Current Location Shelving location Date acquired Full call number Accession Number Koha item type
    Finance MAJU MAJU Shelf No.B44 2020-11-07 336.73 9867 Finance

Powered by Koha